| 000 | 00655nam a2200241Ia 4500 | ||
|---|---|---|---|
| 003 | OSt | ||
| 005 | 20221007103554.0 | ||
| 006 | a|||||r|||| 00| 0 | ||
| 007 | ta | ||
| 008 | 221006b |||||||| |||| 00| 0 eng d | ||
| 024 | _a13,505 | ||
| 037 | _cTextual | ||
| 040 |
_aLCO _cLCO _beng |
||
| 041 |
_2eng _aeng |
||
| 082 | _aZ72v'N6, K9 | ||
| 100 |
_aLaskin Bora _9685310 |
||
| 245 | 0 | _aBritish Tradition in Canadian Law | |
| 260 |
_aLondon _bStevens & Sons Great Britain _c1969 |
||
| 300 | _a138 | ||
| 650 |
_aBritish Tradition in Canadian Law _9705248 |
||
| 942 |
_hZ72v'N6, K9 _cTEXL |
||
| 999 |
_c1183068 _d1183068 |
||